If the Fed Acts, How Do You React? : The Liftoff Effect on Capital Flows /

After more than six years of ultra-low interest rates, a Fed liftoff (rate hike) is just a matter of time. This paper goes back to history to understand the spillover effect - or what is termed in the paper as the 'liftoff' effect - of the previous five Fed liftoffs on capital flows. Using...

Deskribapen osoa

Xehetasun bibliografikoak
Egile nagusia: Hannan, Swarnali
Formatua: Aldizkaria
Hizkuntza:English
Argitaratua: Washington, D.C. : International Monetary Fund, 2015.
Saila:IMF Working Papers; Working Paper ; No. 2015/256
Sarrera elektronikoa:Full text available on IMF
LEADER 02118cas a2200241 a 4500
001 AALejournalIMF016439
008 230101c9999 xx r poo 0 0eng d
020 |c 5.00 USD 
020 |z 9781498367196 
022 |a 1018-5941 
040 |a BD-DhAAL  |c BD-DhAAL 
100 1 |a Hannan, Swarnali. 
245 1 0 |a If the Fed Acts, How Do You React? :   |b The Liftoff Effect on Capital Flows /  |c Swarnali Hannan. 
264 1 |a Washington, D.C. :  |b International Monetary Fund,  |c 2015. 
300 |a 1 online resource (39 pages) 
490 1 |a IMF Working Papers 
500 |a <strong>Off-Campus Access:</strong> No User ID or Password Required 
500 |a <strong>On-Campus Access:</strong> No User ID or Password Required 
506 |a Electronic access restricted to authorized BRAC University faculty, staff and students 
520 3 |a After more than six years of ultra-low interest rates, a Fed liftoff (rate hike) is just a matter of time. This paper goes back to history to understand the spillover effect - or what is termed in the paper as the 'liftoff' effect - of the previous five Fed liftoffs on capital flows. Using a dynamic panel framework covering 48 countries (27 advanced economies, 21 emerging markets) over the period 1982-2006, the paper shows that the liftoff effect on capital flows (total private, portfolio) is significantly higher for emerging market economies (EM) than advanced market economies (AM). EM capital flows are hit indiscriminately one quarter before liftoff, suggesting that markets usually price in the liftoff before the actual event. Over time, there is a bit more variation among EM as policy responses/framework can to some extent dampen market reactions. The findings are similar to the unfolding of events during the taper tantrum episode indicating that, even though current circumstances are very different, history could still provide a good guidance. 
538 |a Mode of access: Internet 
830 0 |a IMF Working Papers; Working Paper ;  |v No. 2015/256 
856 4 0 |z Full text available on IMF  |u http://elibrary.imf.org/view/journals/001/2015/256/001.2015.issue-256-en.xml  |z IMF e-Library